Centennial Exhibition (1876 : Philadelphia, Pa.) records, (Record no. 39359)
[ view plain ]
| 000 -LEADER | |
|---|---|
| fixed length control field | 01089cpcaa2200241 4500 |
| 001 - CONTROL NUMBER | |
| control field | mm 75036020 |
| 003 - CONTROL NUMBER IDENTIFIER | |
| control field | DLC |
| 005 - DATE AND TIME OF LATEST TRANSACTION | |
| control field | 20260227111616.0 |
| 008 - FIXED-LENGTH DATA ELEMENTS--GENERAL INFORMATION | |
| fixed length control field | 751124|||||||||||| eng |
| 010 ## - LIBRARY OF CONGRESS CONTROL NUMBER | |
| LC control number | mm 75036020 |
| NUCMC control number | ms 77001505 |
| 040 ## - CATALOGING SOURCE | |
| Original cataloging agency | DLC |
| Description conventions | dacs |
| Transcribing agency | DLC |
| Modifying agency | DLC |
| 072 #7 - SUBJECT CATEGORY CODE | |
| Subject category code | W |
| Source | lcmd |
| 111 2# - MAIN ENTRY--MEETING NAME | |
| Meeting name or jurisdiction name as entry element | Centennial Exhibition |
| Date of meeting or treaty signing | (1876 : |
| Location of meeting | Philadelphia, Pa.) |
| 245 00 - TITLE STATEMENT | |
| Title | Centennial Exhibition (1876 : Philadelphia, Pa.) records, |
| Inclusive dates | 1875-1876. |
| 300 ## - PHYSICAL DESCRIPTION | |
| Extent | 26 |
| Type of unit | items. |
| 300 ## - PHYSICAL DESCRIPTION | |
| Extent | 1 |
| Type of unit | container. |
| 506 0# - RESTRICTIONS ON ACCESS NOTE | |
| Terms governing access | Open to research. |
| 520 8# - SUMMARY, ETC. | |
| Summary, etc. | Record book (2 volumes; 1875 May 24-l876 April 10) of expenses for the exhibits of the U.S. Dept. of the Interior, published satire entitled Our Show (1876), form letters from centennial officials, visitor's certificate, and tickets of admission. |
| 546 ## - LANGUAGE NOTE | |
| Language note | Collection material in English. |
| 610 10 - SUBJECT ADDED ENTRY--CORPORATE NAME | |
| Corporate name or jurisdiction name as entry element | United States. |
| Subordinate unit | Department of the Interior. |
No items available.